<?xml version="1.0" encoding="UTF-8"?>
<record
    xmlns:xsi="http://www.w3.org/2001/XMLSchema-instance"
    xsi:schemaLocation="http://www.loc.gov/MARC21/slim http://www.loc.gov/standards/marcxml/schema/MARC21slim.xsd"
    xmlns="http://www.loc.gov/MARC21/slim">

  <leader>00472nam a2200181Ia 4500</leader>
  <controlfield tag="005">20260402152708.0</controlfield>
  <controlfield tag="008">231207s9999    xx            000 0 und d</controlfield>
  <datafield tag="020" ind1=" " ind2=" ">
    <subfield code="a">9788171679133</subfield>
  </datafield>
  <datafield tag="040" ind1=" " ind2=" ">
    <subfield code="c">PK-LaNCA</subfield>
  </datafield>
  <datafield tag="082" ind1=" " ind2=" ">
    <subfield code="a">FTV 891.51</subfield>
    <subfield code="b">OMA</subfield>
  </datafield>
  <datafield tag="100" ind1=" " ind2=" ">
    <subfield code="a">Omar Khayyam</subfield>
  </datafield>
  <datafield tag="245" ind1=" " ind2="0">
    <subfield code="a">Rubaiyat of Omar Khayyam</subfield>
  </datafield>
  <datafield tag="260" ind1=" " ind2=" ">
    <subfield code="b">Rupa and Co.</subfield>
    <subfield code="a">New Delhi</subfield>
    <subfield code="c">2002</subfield>
  </datafield>
  <datafield tag="300" ind1=" " ind2=" ">
    <subfield code="a">100p</subfield>
  </datafield>
  <datafield tag="546" ind1=" " ind2=" ">
    <subfield code="a">English</subfield>
  </datafield>
  <datafield tag="650" ind1=" " ind2=" ">
    <subfield code="a">Persian poetry--Translation. English poetry. FTV.</subfield>
  </datafield>
  <datafield tag="942" ind1=" " ind2=" ">
    <subfield code="c">F&amp;TV</subfield>
  </datafield>
  <datafield tag="952" ind1=" " ind2=" ">
    <subfield code="0">0</subfield>
    <subfield code="1">0</subfield>
    <subfield code="4">0</subfield>
    <subfield code="6">FTV_891_510000000000000_OMA_25147</subfield>
    <subfield code="7">0</subfield>
    <subfield code="9">20896</subfield>
    <subfield code="a">NCA</subfield>
    <subfield code="b">NCA</subfield>
    <subfield code="c">Film &amp; TV </subfield>
    <subfield code="d">2023-12-08</subfield>
    <subfield code="l">0</subfield>
    <subfield code="o">FTV 891.51 OMA 25147</subfield>
    <subfield code="p">25147</subfield>
    <subfield code="r">2023-12-08 00:00:00</subfield>
    <subfield code="w">2023-12-08</subfield>
    <subfield code="y">F&amp;TV</subfield>
  </datafield>
  <datafield tag="999" ind1=" " ind2=" ">
    <subfield code="c">20896</subfield>
    <subfield code="d">20896</subfield>
  </datafield>
</record>
